=LDR 00000nam 2200000 4500 =001 INLIS000000000005178 =005 20251009091919 =035 ##$$a 0010-1025000233 =007 ta =008 251009###########################0#ind## =082 ##$$a 658.409 =084 ##$$a 658.409 KAV a =100 #$$a Kaval Gulhali =245 1#$$a Attitudes Toward Women Managers /$c Badan Koordinasi Keluarga Berencana Nasional =260 ##$:$b Badan Koordinasi Keluarga Berencana Nasional,$c 1990 =300 ##$$a 21 Hal : $b Ilus ; $c 21 =650 #4$$a Keluarga Berencana =856 ##$$a Perpustakaan Kemendukbangga